| 000 | 00749cam a22002411 4500 | ||
|---|---|---|---|
| 001 | 34196 | ||
| 003 | BD-RjUL | ||
| 005 | 20211209052124.0 | ||
| 008 | 140514s1958 nyua 000 0 eng | ||
| 035 | _a(BD-RjUL)34290 | ||
| 040 |
_aDLC _cODaWU _dOCoLC _dBD-RjUL _beng |
||
| 041 | _aeng | ||
| 082 |
_a301.34 _bROC 1958 |
||
| 100 | 1 |
_aRoss, Murray G. _953992 |
|
| 245 | 1 | 0 | _aCase histories in community organization / |
| 260 |
_aNew York : _bHarper ; _c1958 |
||
| 300 |
_a259 p. : _billus. ; _c22 cm. |
||
| 490 | 0 | _aHarper's social science series | |
| 500 | _aCompanion volume to the author's Community organization, theory and principles. | ||
| 650 | 0 |
_aCommunity organization _vCase studies. _9103961 |
|
| 942 |
_2ddc _cBK |
||
| 999 |
_c34196 _d34196 |
||